| 000 | 01181nam a2200241Ii 4500 | ||
|---|---|---|---|
| 003 | JO-AjNU | ||
| 008 | 230605s9999||||xx |||||||||||||| ||und|| | ||
| 017 | _a2008/6/2076 | ||
| 020 | _a978-9957-24-396-5 | ||
| 040 |
_aJO-AjNU _bara _erda _cJO-AjNU |
||
| 041 | _aara | ||
| 050 | 1 | 4 | _aHF 5667 .T37 2009 |
| 100 | 3 |
_aعرض وتحليل: جمعة، احمد حلمي, _eauthor _928219 |
|
| 245 | 0 | 0 | _aتطور معايير التدقيق والتأكيد الدولية وقواعد اخلاقيات المهنة: الرقابة الداخلية في بيئة تكنولوجيا المعلومات - التدقيق في بيئة تكنولوجيا المعلومات - اساليب التدقيق في بيئة تكنولوجيا المعلومات- التجارة الالكترونية |
| 250 | _aط1 | ||
| 264 | 3 | 1 | _aعمان: دار صفاء للنشر والتوزيع، 2009 |
| 300 |
_a199ص _bيحتوي على ببلوغرافية من ص189-199ص |
||
| 336 |
_atext _btxt _2rdacontent |
||
| 337 |
_aunmediated _bn _2rdamedia |
||
| 338 |
_avolume _bnc _2rdacarrier |
||
| 490 | 0 | _aسلسلة الكتب المهنية؛ 7 | |
| 650 | 4 |
_aتدقيق الحسابات _928220 |
|
| 999 |
_aA10918 _c14486 _d14486 |
||